000 00356nam a2200145Ia 4500
005 20251222153622.0
008 251222s9999||||xx |||||||||||||| ||spa||
020 _a8421691015
082 _a863.7/O73
100 _aOrtiz de Zárate, Marisol
245 0 _aLos Enigmas de Leonardo
250 _a1a. ed.
264 _bGrupo Editorial Bruño
942 _cLIB
999 _c32041
_d32041